Normal view
MARC view
Entry Personal Name
001 - CONTROL NUMBER
- control field: 281142
003 - CONTROL NUMBER IDENTIFIER
- control field:
005 - DATE AND TIME OF LATEST TRANSACTION
- control field: 20210601211801.0
008 - FIXED-LENGTH DATA ELEMENTS
- fixed length control field: 210601|| aca||aabn | a|a d
040 ## - CATALOGING SOURCE
- Original cataloging agency:
- Transcribing agency:
100 ## - HEADING--PERSONAL NAME
- Personal name: Gathorne-Hardy, Robert,
- Dates associated with a name: 1902-
670 ## - SOURCE DATA FOUND
- Source citation: Work cat.: (): Morrell, Ottoline Violet Anne Cavendish-Bentinck, Lady, 1873-1938 266907, Ottoline at Garsington :, 1963
